000 00689nam a2200217Ia 4500
008 131103s9999 xx 000 0 und d
020 _cRs.195.00
040 _aLoreto College
041 _aEnglish
082 _a891.431/MAH-SRI
_bLCLIB/HinSemLib 731,732/48314,48315
245 _aMahadevi
_cEdited by Paramanand Srivastav
260 _aAllahabad
_bLok Bharati Prakashan
_c2008
300 _a183 p.
_c 21 cm.
440 _aLokbharati mulayankan mala
630 _aMahadevi - Criticism and interpretation
650 _aVarma,Mahadevi
651 _aHindi Poetry - Criticism & interpretation
700 _aSrivastav,Paramanand,ed.
850 _aLCLIB/891.431/MAH-SRI
942 _cBK
999 _c36861
_d87340